[Event "Bundesliga 2324"]
[Site "Germany"]
[Date "2024.03.17"]
[Round "13.2"]
[White "L'Ami, Erwin"]
[Black "Shengelia, Davit"]
[Result "1-0"]
[WhiteElo "2627"]
[BlackElo "2494"]
[PlyCount "113"]
[EventDate "2023.10.21"]
[EventType "team-tourn"]
[EventRounds "15"]
[EventCountry "GER"]
[SourceTitle "CB13_2024"]
[SourceDate "2024.03.27"]
[SourceVersion "1"]
[SourceVersionDate "2024.03.27"]
[SourceQuality "1"]
[WhiteTeam "Solingen"]
[BlackTeam "Muenchen Zugzwang"]
[WhiteTeamCountry "GER"]
[BlackTeamCountry "GER"]

1. d4 Nf6 2. c4 e6 3. Nf3 b6 4. g3 Bb7 5. Bg2 Be7 6. 0-0 0-0 7. Nc3 Ne4 8. Bd2 f5 9. Nxe4 Bxe4 10. Ne1 Bf6 11. Bc3 Bxg2 12. Nxg2 Qe8 13. Qd3 a5 14. e4 fxe4 15. Qxe4 Nc6 16. Ne3 Rd8 17. Rae1 d5 18. cxd5 exd5 19. Nxd5 Qxe4 20. Nxf6+ Rxf6 21. Rxe4 Rfd6 22. Rd1 R8d7 23. b3 Ne7 24. Bb2 Rd5 25. Rc1 Nf5 26. Re8+ Kf7 27. Rc8 Nxd4 28. R1xc7 Ne6 29. Rxd7+ Rxd7 30. Bc1 a4 31. bxa4 Rd4 32. a3 Rxa4 33. Rb8 Rc4 34. Be3 Rc3 35. Rb7+ Kf6 36. a4 Rc4 37. Ra7 Rb4 38. Kg2 h5 39. h4 g6 40. Ra6 b5 41. a5 Ra4 42. Kf3 b4 43. Ke4 b3+ 44. Kd3 b2 45. Kc2 Rb4 46. Kb1 Rb5 47. Bd2 Kf5 48. Rb6 Rd5 49. Rxb2 Nc7 50. Be3 Na6 51. Bb6 g5 52. hxg5 Kxg5 53. Kc2 Kg4 54. Kc3 Nb8 55. Kc4 Rf5 56. Rb5 Rf3 57. Be3 1-0

[Event "Bundesliga 2324"]
[Site "Germany"]
[Date "2023.10.22"]
[Round "2.7"]
[White "Neugebauer, Martin"]
[Black "Shengelia, Davit"]
[Result "1/2-1/2"]
[WhiteElo "2529"]
[BlackElo "2494"]
[PlyCount "108"]
[EventDate "2023.10.21"]
[EventType "team-tourn"]
[EventRounds "15"]
[EventCountry "GER"]
[SourceTitle "Mega2024 Update 01"]
[Source "Chessbase"]
[SourceDate "2023.11.12"]
[SourceVersion "1"]
[SourceVersionDate "2023.11.12"]
[SourceQuality "1"]
[WhiteTeam "Heimbach Weis Neuwied"]
[BlackTeam "Muenchen Zugzwang"]
[WhiteTeamCountry "GER"]
[BlackTeamCountry "GER"]

1. e4 c5 2. Nf3 e6 3. c3 Nf6 4. e5 Nd5 5. d4 cxd4 6. cxd4 b6 7. Nc3 Nxc3 8. bxc3 Qc7 9. Bd2 Bb7 10. Bd3 d6 11. 0-0 Nd7 12. Bf4 dxe5 13. Bxe5 Nxe5 14. Nxe5 Bd6 15. Bb5+ Kf8 16. Qh5 h6 17. Rfe1 Rd8 18. Re3 Bxe5 19. dxe5 g6 20. Qh4 Qe7 21. Qa4 Ba8 22. Qb4 a5 23. Qb2 Qc5 24. Be2 Kg7 25. Rb1 Rb8 26. c4 Rhd8 27. h3 Rd4 28. Qb5 Qxb5 29. Rxb5 Rd2 30. c5 Bc6 31. Rxb6 Rxb6 32. cxb6 Rb2 33. Bf3 Bxf3 34. Rxf3 Rxb6 35. a3 g5 36. g4 Rb5 37. Re3 Kg6 38. Kg2 h5 39. Kf1 Rc5 40. Kg2 Rc4 41. Kf3 Ra4 42. Kg3 Rf4 43. Re2 Kg7 44. Re3 h4+ 45. Kg2 Rc4 46. Kf3 Kf8 47. Rd3 Rc1 48. Ke4 Re1+ 49. Re3 Rh1 50. f4 gxf4 51. Kxf4 Rg1 52. Kg5 Rg3 53. Kf4 Rg1 54. Kg5 Rg3 1/2-1/2

[Event "Stare Mesto op"]
[Site "Stare Mesto"]
[Date "2023.08.11"]
[Round "7"]
[White "Tomaszewski, Roman"]
[Black "Shengelia, Davit"]
[Result "1/2-1/2"]
[WhiteElo "2187"]
[BlackElo "2510"]
[PlyCount "120"]
[EventDate "2023.08.05"]
[EventType "swiss"]
[EventRounds "9"]
[EventCountry "CZE"]
[SourceTitle "EXT 2024"]
[Source "ChessBase"]
[SourceDate "2023.10.10"]
[SourceVersion "1"]
[SourceVersionDate "2023.10.10"]
[SourceQuality "1"]

1. d4 e6 2. c4 b6 3. a3 Bb7 4. Nc3 f5 5. d5 Nf6 6. g3 a5 7. Bg2 Na6 8. Nf3 Bc5 9. Nd4 0-0 10. 0-0 Qe8 11. Rb1 Rd8 12. Nc2 exd5 13. cxd5 Qf7 14. b4 axb4 15. axb4 Bd6 16. Nb5 Bxd5 17. Nxd6 cxd6 18. Bxd5 Qxd5 19. Bf4 Rfe8 20. Ne3 Qb5 21. Bg5 Re6 22. Bxf6 gxf6 23. Nd5 Qxe2 24. Nxf6+ Kf7 25. Nd5 b5 26. Qd4 Qe4 27. Qd2 Qe2 28. Qd4 Qc4 29. Qd2 Qe2 30. Qg5 Rf8 31. Nf4 Qg4 32. Nxe6 dxe6 33. Qxg4 fxg4 34. Rfc1 d5 35. Rc6 Nb8 36. Rc7+ Kf6 37. Ra1 d4 38. Kf1 d3 39. Ke1 Ke5 40. Ra3 Ke4 41. Rcc3 Rf3 42. Ra5 Nd7 43. Rxb5 Ne5 44. Rcc5 d2+ 45. Kxd2 Rxf2+ 46. Kc3 Rf3+ 47. Kc2 Rf2+ 48. Kb3 Nf3 49. Rb8 Nd4+ 50. Ka3 Rxh2 51. b5 Rg2 52. b6 Rxg3+ 53. Ka4 Rg1 54. b7 Ra1+ 55. Kb4 Rb1+ 56. Ka3 e5 57. Rg8 Rxb7 58. Rxg4+ Kd3 59. Rxe5 Ra7+ 60. Kb2 Rb7+ 1/2-1/2

[Event "AUT-ch Rapid"]
[Site "Graz"]
[Date "2023.06.10"]
[Round "6"]
[White "Horvath, Dominik"]
[Black "Shengelia, Davit"]
[Result "1-0"]
[WhiteElo "2523"]
[BlackElo "2510"]
[PlyCount "85"]
[EventDate "2023.06.10"]
[EventType "swiss (rapid)"]
[EventRounds "9"]
[EventCountry "AUT"]
[SourceTitle "CBM 214 Extra"]
[Source "ChessBase"]
[SourceDate "2023.07.31"]
[SourceVersion "1"]
[SourceVersionDate "2023.07.31"]
[SourceQuality "1"]

1. e4 c5 2. Nf3 Nc6 3. d4 cxd4 4. Nxd4 Nf6 5. Nc3 d6 6. Bg5 e6 7. Qd2 Be7 8. 0-0-0 Nxd4 9. Qxd4 a6 10. Kb1 0-0 11. h4 b5 12. a3 Bb7 13. f3 Rc8 14. g4 Qc7 15. Qd2 Rfd8 16. Bd3 d5 17. e5 Ne8 18. h5 Bxg5 19. Qxg5 h6 20. Qf4 f6 21. Rde1 d4 22. Na2 Rd5 23. Qe4 Rxe5 24. Qh7+ Kf8 25. f4 Re3 26. Rhf1 a5 27. g5 f5 28. gxh6 gxh6 29. Qh8+ Ke7 30. Qxd4 Rxe1+ 31. Rxe1 Qd6 32. Qh8 Qxf4 33. Qh7+ Kf6 34. Qg6+ Ke7 35. Qh7+ Kf6 36. Qxb7 Nd6 37. Qh7 Ne4 38. Bxe4 fxe4 39. Qg6+ Ke7 40. Qg7+ Kd6 41. Rd1+ Kc5 42. Qd4+ Kc6 43. Qd7+ 1-0

[Event "AUT-ch Rapid"]
[Site "Graz"]
[Date "2023.06.10"]
[Round "9"]
[White "Shengelia, Davit"]
[Black "Polterauer, Chiara"]
[Result "1-0"]
[WhiteElo "2510"]
[BlackElo "2162"]
[PlyCount "61"]
[EventDate "2023.06.10"]
[EventType "swiss (rapid)"]
[EventRounds "9"]
[EventCountry "AUT"]
[SourceTitle "CBM 214 Extra"]
[Source "ChessBase"]
[SourceDate "2023.07.31"]
[SourceVersion "1"]
[SourceVersionDate "2023.07.31"]
[SourceQuality "1"]

1. d4 Nf6 2. Nf3 g6 3. g3 c6 4. c4 d5 5. cxd5 cxd5 6. Bg2 Bg7 7. Nc3 0-0 8. Ne5 Nc6 9. Nxc6 bxc6 10. 0-0 Rb8 11. b3 Nd7 12. Ba3 Re8 13. Rc1 Ba6 14. Re1 e5 15. dxe5 Nxe5 16. Bc5 Qc7 17. Bd4 Qd7 18. Na4 Bc8 19. Nc5 Qe7 20. f4 Nd7 21. e4 Rb4 22. Bxg7 Kxg7 23. Qd2 a5 24. exd5 Qf8 25. Nxd7 Bxd7 26. dxc6 Bf5 27. Rxe8 Qxe8 28. c7 Qc8 29. Qc3+ Kh6 30. h3 Rb6 31. g4 1-0

[Event "AUT-ch Blitz"]
[Site "Graz"]
[Date "2023.06.09"]
[Round "4"]
[White "Spirk, Stefan"]
[Black "Shengelia, Davit"]
[Result "0-1"]
[WhiteElo "2096"]
[BlackElo "2510"]
[PlyCount "96"]
[EventDate "2023.06.09"]
[EventType "swiss (blitz)"]
[EventRounds "11"]
[EventCountry "AUT"]
[SourceTitle "CBM 214 Extra"]
[Source "ChessBase"]
[SourceDate "2023.07.31"]
[SourceVersion "1"]
[SourceVersionDate "2023.07.31"]
[SourceQuality "1"]

1. c4 e6 2. Nf3 Nf6 3. g3 b6 4. Bg2 Bb7 5. 0-0 Be7 6. Nc3 0-0 7. d3 c5 8. b3 Nc6 9. Bb2 d5 10. cxd5 Nxd5 11. Nxd5 exd5 12. d4 Bf6 13. Qd2 Ba6 14. dxc5 Bxb2 15. Qxb2 bxc5 16. Rfd1 d4 17. Rac1 Qe7 18. Rd2 Rac8 19. Qa3 Nb4 20. Nxd4 cxd4 21. Rxd4 Rxc1+ 22. Qxc1 Bb7 23. Bxb7 Qxb7 24. Qd2 a5 25. Rd7 Qe4 26. Rd8 Nc6 27. Rxf8+ Kxf8 28. Qd6+ Ke8 29. h4 g6 30. e3 h5 31. a3 Qe6 32. Qc5 Kd7 33. Qc3 Qd5 34. f4 Qd1+ 35. Kf2 Qd5 36. Qf6 Qxb3 37. Qa1 Qc2+ 38. Kf3 Qd3 39. Kf2 Qd2+ 40. Kf3 Qd5+ 41. Kf2 Ne7 42. Qc3 Nf5 43. Qc2 Nd6 44. Qb2 Ne4+ 45. Ke1 Nxg3 46. Qb6 Nf5 47. Qa7+ Ke6 48. Qb6+ Nd6 0-1

[Event "CZE-chT1E 2223"]
[Site "Czech Republic"]
[Date "2023.04.01"]
[Round "10.3"]
[White "Szotkowski, Jakub"]
[Black "Shengelia, Davit"]
[Result "0-1"]
[WhiteElo "2322"]
[BlackElo "2460"]
[PlyCount "132"]
[EventDate "2022.10.08"]
[EventType "team-tourn"]
[EventRounds "11"]
[EventCountry "CZE"]
[SourceTitle "EXT 2024"]
[Source "ChessBase"]
[SourceDate "2023.10.10"]
[SourceVersion "1"]
[SourceVersionDate "2023.10.10"]
[SourceQuality "1"]
[WhiteTeam "Trinec"]
[BlackTeam "Brno Duras"]
[WhiteTeamCountry "CZE"]
[BlackTeamCountry "CZE"]

1. d4 Nf6 2. c4 e6 3. g3 c5 4. d5 exd5 5. cxd5 d6 6. Nc3 g6 7. Bg2 Bg7 8. Nf3 0-0 9. 0-0 Re8 10. Bf4 Bf5 11. Nh4 Bg4 12. h3 Nh5 13. hxg4 Nxf4 14. gxf4 Qxh4 15. Bf3 h5 16. e3 hxg4 17. Bxg4 f5 18. Bf3 Bxc3 19. bxc3 Nd7 20. Kg2 Qf6 21. Qd3 Rac8 22. Rab1 b6 23. c4 Re7 24. Rh1 Rf8 25. Rh6 Rff7 26. Rbh1 Nf8 27. Qc2 Rh7 28. Rxh7 Nxh7 29. Rh3 Rg7 30. Rg3 g5 31. Be2 gxf4 32. exf4 Nf8 33. Kf1 Ng6 34. Bd3 Nxf4 35. Bxf5 Qa1+ 36. Qb1 Qxb1+ 37. Bxb1 Kf7 38. Rf3 Rg4 39. Ra3 Rh4 40. Rxa7+ Kf6 41. Be4 Ke5 42. Bf3 Kd4 43. Ra6 Rh3 44. Ra3 Nd3 45. Be2 Nxf2 46. Ra6 Ne4 47. Rxb6 Rh2 48. Bg4 Rxa2 49. Kg1 Ke5 50. Rb8 Nd2 51. Be2 Kd4 52. Rh8 Ne4 53. Bf1 Ng3 54. Rh4+ Ke3 55. Bh3 Ne2+ 56. Kg2 Nf4+ 57. Kg3 Rf2 58. Rh6 Rf3+ 59. Kg4 Rxh3 60. Rxd6 Rh8 61. Rc6 Nd3 62. Kf5 Kd4 63. d6 Ne5 64. Rc7 Rh5+ 65. Ke6 Rh6+ 66. Ke7 Kxc4 0-1

[Event "BL2-Ost 2223"]
[Site "Germany"]
[Date "2023.02.26"]
[Round "8.2"]
[White "Shengelia, Davit"]
[Black "Zajogin, Alexander"]
[Result "1/2-1/2"]
[WhiteElo "2460"]
[BlackElo "2409"]
[PlyCount "104"]
[EventDate "2022.10.22"]
[EventType "team-tourn"]
[EventRounds "10"]
[EventCountry "GER"]
[SourceTitle "EXT 2024"]
[Source "ChessBase"]
[SourceDate "2023.10.10"]
[SourceVersion "1"]
[SourceVersionDate "2023.10.10"]
[SourceQuality "1"]
[WhiteTeam "Muenchen Zugzwang"]
[BlackTeam "Bayern Muenchen II"]
[WhiteTeamCountry "GER"]
[BlackTeamCountry "GER"]

1. d4 Nf6 2. c4 e6 3. Nf3 Bb4+ 4. Nbd2 a5 5. e3 d5 6. Be2 0-0 7. 0-0 b6 8. Qc2 Bb7 9. b3 Nbd7 10. Bb2 Ne4 11. Rfd1 Ndf6 12. Nxe4 Nxe4 13. Ne5 Qh4 14. g3 Qh6 15. Bf3 Bd6 16. Bg2 Rfe8 17. Nd3 Rac8 18. c5 Bf8 19. a3 Ba6 20. b4 f6 21. Nf4 g5 22. Nd3 g4 23. Nf4 Ng5 24. Rdc1 bxc5 25. bxc5 c6 26. Qd1 Nf3+ 27. Bxf3 gxf3 28. Qxf3 Rc7 29. Bc3 a4 30. Rab1 Bb5 31. e4 e5 32. Nh5 Rf7 33. exd5 cxd5 34. Re1 Bc6 35. dxe5 fxe5 36. Qg4+ Qg6 37. Qxg6+ hxg6 38. Rb6 Bxc5 39. Rxc6 Bxf2+ 40. Kg2 Bxe1 41. Rxg6+ Kh7 42. Rf6 Bxc3 43. Rxf7+ Kg6 44. Rc7 Bb2 45. g4 e4 46. h4 Be5 47. Rc6+ Kf7 48. g5 Re6 49. Rxe6 Kxe6 50. g6 d4 51. Ng3 Bxg3 52. Kxg3 d3 1/2-1/2

[Event "BL2-Ost 2223"]
[Site "Germany"]
[Date "2023.02.05"]
[Round "6.1"]
[White "Antal, Gergely"]
[Black "Shengelia, Davit"]
[Result "0-1"]
[WhiteElo "2571"]
[BlackElo "2460"]
[PlyCount "78"]
[EventDate "2022.10.22"]
[EventType "team-tourn"]
[EventRounds "10"]
[EventCountry "GER"]
[SourceTitle "EXT 2024"]
[Source "ChessBase"]
[SourceDate "2023.10.10"]
[SourceVersion "1"]
[SourceVersionDate "2023.10.10"]
[SourceQuality "1"]
[WhiteTeam "Nickelhuette Aue"]
[BlackTeam "Muenchen Zugzwang"]
[WhiteTeamCountry "GER"]
[BlackTeamCountry "GER"]

1. e4 c5 2. c3 Nf6 3. e5 Nd5 4. d4 cxd4 5. Nf3 Nc6 6. cxd4 d6 7. Bc4 Nb6 8. Bb5 dxe5 9. Nxe5 Bd7 10. Bxc6 Bxc6 11. Nxc6 bxc6 12. Be3 e6 13. 0-0 Be7 14. Nc3 0-0 15. Rc1 Nd5 16. Nxd5 cxd5 17. Qa4 a5 18. Rc6 Qb8 19. Qc2 Qb4 20. Rd1 a4 21. Rd2 h6 22. Bf4 Bg5 23. a3 Qb5 24. Rc5 Qd7 25. Bxg5 hxg5 26. Qd3 Rab8 27. Rdc2 g6 28. Qd2 Qe7 29. R5c3 Rb7 30. Rc8 Qf6 31. h3 Rxc8 32. Rxc8+ Kg7 33. Qc3 Rb3 34. Qd2 Qf5 35. g4 Qb1+ 36. Kg2 Rxb2 37. Qxg5 Qe4+ 38. Kg3 Qxd4 39. Qf4 Qxf4+ 0-1

[Event "AUT-chT2W 2223"]
[Site "Austria"]
[Date "2023.01.22"]
[Round "8.1"]
[White "Petrov, Marian"]
[Black "Shengelia, Davit"]
[Result "0-1"]
[WhiteElo "2448"]
[BlackElo "2451"]
[PlyCount "60"]
[EventDate "2022.09.23"]
[EventType "team-tourn"]
[EventRounds "11"]
[EventCountry "AUT"]
[SourceTitle "CBM 213 Extra"]
[Source "ChessBase"]
[SourceDate "2023.05.31"]
[SourceVersion "1"]
[SourceVersionDate "2023.05.31"]
[SourceQuality "1"]
[WhiteTeam "Lustenau"]
[BlackTeam "Absam"]
[WhiteTeamCountry "AUT"]
[BlackTeamCountry "AUT"]

1. e4 c6 2. d4 d5 3. e5 c5 4. dxc5 e6 5. a3 Bxc5 6. Qg4 Ne7 7. Bd3 Nbc6 8. Nf3 Ng6 9. 0-0 Bd7 10. b4 Be7 11. Bb2 0-0 12. Nbd2 b5 13. Nb3 a5 14. Nc5 axb4 15. axb4 Bxc5 16. bxc5 Ra4 17. Qh5 Qe7 18. g3 h6 19. Bxb5 Rxa1 20. Rxa1 Qxc5 21. Bd3 Rb8 22. Ra2 Nb4 23. Bd4 Qc8 24. Ra1 Nxd3 25. cxd3 Ne7 26. Be3 Qc3 27. Rd1 Nf5 28. Qg4 Rb4 29. Qh3 Ba4 30. Rc1 Nxe3 0-1

[Event "AUT-chT2W 2223"]
[Site "Austria"]
[Date "2023.01.20"]
[Round "6.5"]
[White "Mons, Leon"]
[Black "Shengelia, Davit"]
[Result "0-1"]
[WhiteElo "2526"]
[BlackElo "2451"]
[PlyCount "82"]
[EventDate "2022.09.23"]
[EventType "team-tourn"]
[EventRounds "11"]
[EventCountry "AUT"]
[SourceTitle "CBM 213 Extra"]
[Source "ChessBase"]
[SourceDate "2023.05.31"]
[SourceVersion "1"]
[SourceVersionDate "2023.05.31"]
[SourceQuality "1"]
[WhiteTeam "Salzburg Royal"]
[BlackTeam "Absam"]
[WhiteTeamCountry "AUT"]
[BlackTeamCountry "AUT"]

1. d4 Nf6 2. c4 e6 3. g3 Bb4+ 4. Nd2 c5 5. a3 Bxd2+ 6. Qxd2 cxd4 7. Nf3 b6 8. Bg2 Bb7 9. 0-0 0-0 10. b4 Nc6 11. Nxd4 Nxd4 12. Bxb7 Nb3 13. Qd3 Nxc1 14. Raxc1 Rb8 15. Ba6 Qe7 16. Rfd1 Rfd8 17. c5 bxc5 18. bxc5 h5 19. a4 h4 20. Qd4 hxg3 21. hxg3 e5 22. Qh4 g6 23. Bb5 Kg7 24. Qg5 Rbc8 25. Kg2 Qe6 26. Rd6 Qe7 27. Rh1 Rh8 28. Rxh8 Rxh8 29. Bxd7 Rh5 30. Qxf6+ Qxf6 31. Rxf6 Kxf6 32. c6 Ke7 33. Kf3 Rh2 34. g4 Kd6 35. e3 a5 36. Kg3 Rh1 37. Be8 Rg1+ 38. Kf3 f5 39. gxf5 gxf5 40. Bd7 Ra1 41. Bxf5 Rxa4 0-1

[Event "BL2-Ost 2223"]
[Site "Germany"]
[Date "2022.10.22"]
[Round "1.2"]
[White "Shengelia, Davit"]
[Black "Yelisieiev, Yevhenii"]
[Result "1-0"]
[WhiteElo "2460"]
[BlackElo "2398"]
[PlyCount "111"]
[EventDate "2022.10.22"]
[EventType "team-tourn"]
[EventRounds "10"]
[EventCountry "GER"]
[SourceTitle "EXT 2024"]
[Source "ChessBase"]
[SourceDate "2023.10.10"]
[SourceVersion "1"]
[SourceVersionDate "2023.10.10"]
[SourceQuality "1"]
[WhiteTeam "Muenchen Zugzwang"]
[BlackTeam "Nuernberg NT"]
[WhiteTeamCountry "GER"]
[BlackTeamCountry "GER"]

1. d4 d5 2. Nf3 Nf6 3. c4 e6 4. e3 c6 5. Bd3 Bd6 6. 0-0 Nbd7 7. Nbd2 0-0 8. e4 dxe4 9. Nxe4 Nxe4 10. Bxe4 h6 11. b3 e5 12. Bc2 Re8 13. Re1 Bb4 14. Qd3 f5 15. Rxe5 Nxe5 16. Nxe5 c5 17. Bb2 cxd4 18. Bxd4 Qd6 19. Qe3 Bc5 20. Bxc5 Qxe5 21. Rd1 Qxe3 22. fxe3 b6 23. Bd4 f4 24. exf4 Re2 25. Bd3 Rxa2 26. Be4 Bg4 27. Bd5+ Kh7 28. Re1 Rd8 29. Re7 Rd7 30. Re8 Kg6 31. h3 Re2 32. Be3 Bf5 33. g4 Bd3 34. f5+ Kf6 35. h4 Rxd5 36. cxd5 Kf7 37. Re5 Kf6 38. Re6+ Kf7 39. d6 Bb5 40. Re7+ Kg8 41. g5 hxg5 42. hxg5 Kf8 43. g6 Re1+ 44. Kh2 Rf1 45. Rf7+ Ke8 46. Bd4 Rd1 47. Be5 Bd7 48. Rxg7 Bxf5 49. Re7+ Kd8 50. g7 Bh7 51. Rxa7 Rd5 52. Bf4 Rd4 53. Kg3 b5 54. Ra8+ Kd7 55. Rh8 Rd3+ 56. Kg4 1-0

[Event "CZE-chT 2223"]
[Site "Czech Republic"]
[Date "2022.10.15"]
[Round "1.2"]
[White "Omelja, Artem"]
[Black "Shengelia, Davit"]
[Result "1/2-1/2"]
[WhiteElo "2441"]
[BlackElo "2460"]
[PlyCount "134"]
[EventDate "2022.10.15"]
[EventType "team-tourn"]
[EventRounds "11"]
[EventCountry "CZE"]
[SourceTitle "CBM 210 Extra"]
[Source "ChessBase"]
[SourceDate "2022.11.30"]
[SourceVersion "1"]
[SourceVersionDate "2022.11.30"]
[SourceQuality "1"]
[WhiteTeam "Praha Dopravni Podnik"]
[BlackTeam "Hostalkova"]
[WhiteTeamCountry "CZE"]
[BlackTeamCountry "CZE"]

1. Nf3 Nf6 2. c4 b6 3. d4 Bb7 4. g3 e6 5. Bg2 Be7 6. 0-0 0-0 7. Re1 h6 8. Nc3 Ne4 9. Qd3 d5 10. cxd5 exd5 11. Ne5 Nxc3 12. Qxc3 a5 13. Rd1 Bd6 14. Bf4 Re8 15. Rac1 Na6 16. a3 Qc8 17. Nd3 Qd7 18. Bxd6 Qxd6 19. e3 Re7 20. Rc2 Rd8 21. Rdc1 Nb8 22. b4 axb4 23. Qxb4 Na6 24. Qxd6 Rxd6 25. Nb4 Nxb4 26. axb4 c6 27. h4 b5 28. h5 Kf8 29. Bh3 Ke8 30. Kg2 Kd8 31. Bf5 Kc7 32. g4 Re8 33. Ra2 Rdd8 34. Kg3 Kb6 35. Kf4 Rd6 36. Rg1 f6 37. Rga1 Rdd8 38. f3 Rf8 39. Ra3 Rd6 40. Kg3 Re8 41. Kf2 Rdd8 42. Ra5 Rd6 43. Ke2 Kc7 44. Kd3 Kb6 45. Re1 Rdd8 46. Kc3 Ra8 47. Rxa8 Rxa8 48. e4 dxe4 49. Rxe4 Ra3+ 50. Kb2 Rxf3 51. Re7 Rf4 52. Kc3 Rf3+ 53. Kc2 Rf2+ 54. Kd3 Rf3+ 55. Ke2 Rb3 56. Rxg7 Rxb4 57. Rg6 Rxd4 58. Rxf6 b4 59. Rxh6 b3 60. Rh8 b2 61. h6 Rf4 62. Bd3 Rxg4 63. h7 Rg2+ 64. Kd1 Rg1+ 65. Kd2 b1Q 66. Bxb1 Rxb1 67. Rf8 Rh1 1/2-1/2

[Event "EU-Cup 37th"]
[Site "Mayrhofen"]
[Date "2022.10.08"]
[Round "6.1"]
[White "Can, Emre"]
[Black "Shengelia, Davit"]
[Result "1/2-1/2"]
[WhiteElo "2592"]
[BlackElo "2460"]
[PlyCount "99"]
[EventDate "2022.10.03"]
[EventType "team-swiss"]
[EventRounds "7"]
[EventCountry "AUT"]
[SourceTitle "CBM 210 Extra"]
[Source "ChessBase"]
[SourceDate "2022.11.30"]
[SourceVersion "1"]
[SourceVersionDate "2022.11.30"]
[SourceQuality "1"]
[WhiteTeam "Gokturk"]
[BlackTeam "Absam "]
[WhiteTeamCountry "TUR"]
[BlackTeamCountry "AUT"]

1. e4 c6 2. Nf3 d5 3. d3 dxe4 4. dxe4 Qxd1+ 5. Kxd1 Bg4 6. Be2 Nd7 7. Ne1 Bxe2+ 8. Kxe2 e6 9. a4 0-0-0 10. Nd3 f5 11. e5 Nc5 12. Nxc5 Bxc5 13. Nd2 g5 14. Nb3 Be7 15. h4 gxh4 16. Be3 Rd5 17. Bf4 h5 18. c4 Rd7 19. Be3 Nh6 20. Bxa7 Rg8 21. a5 Rg4 22. Rhc1 Nf7 23. a6 bxa6 24. Rxa6 Nxe5 25. Be3 Rb7 26. Ra8+ Rb8 27. Rxb8+ Kxb8 28. Nd4 Kb7 29. Nxe6 Nxc4 30. Bf4 Nb6 31. Kf3 Nd5 32. Re1 Nxf4 33. Nxf4 Bd6 34. Nd3 Rd4 35. Rd1 c5 36. Nxc5+ Bxc5 37. Rxd4 Bxd4 38. Kf4 Bxb2 39. Kxf5 Bd4 40. f4 Kc7 41. Kg5 Bf2 42. Kxh5 Kd7 43. f5 Ke7 44. Kg6 Bd4 45. Kg5 Bf2 46. Kg6 Bg3 47. f6+ Ke6 48. f7 Bd6 49. Kh5 Kxf7 50. Kxh4 1/2-1/2

[Event "CRO-chT1B 30th"]
[Site "Porec"]
[Date "2022.09.26"]
[Round "3.42"]
[White "Maksimovic, Bojan"]
[Black "Shengelia, Davit"]
[Result "1-0"]
[WhiteElo "2468"]
[BlackElo "2451"]
[PlyCount "93"]
[EventDate "2022.09.24"]
[EventType "team-tourn"]
[EventRounds "9"]
[EventCountry "CRO"]
[SourceTitle "CBM 210 Extra"]
[Source "ChessBase"]
[SourceDate "2022.11.30"]
[SourceVersion "1"]
[SourceVersionDate "2022.11.30"]
[SourceQuality "1"]
[WhiteTeam "Sveta Nedelja"]
[BlackTeam "Djakovo Limmont"]
[WhiteTeamCountry "CRO"]
[BlackTeamCountry "CRO"]

1. e4 c6 2. Nf3 d5 3. d3 g6 4. e5 Bg7 5. d4 Bg4 6. Nbd2 c5 7. c3 cxd4 8. cxd4 Nc6 9. h3 Bf5 10. Bb5 Qb6 11. Qb3 e6 12. Bxc6+ Qxc6 13. 0-0 Ne7 14. Qa3 Be4 15. Re1 Nf5 16. g4 Bf8 17. Qc3 Qxc3 18. bxc3 Bxf3 19. gxf5 Bh5 20. f6 Rc8 21. Rb1 b6 22. Rb3 g5 23. Ba3 Kd7 24. Bxf8 Rhxf8 25. a4 Rc6 26. Kg2 Rfc8 27. Rc1 Be2 28. Kg3 h6 29. f3 Bd3 30. Kg4 Bf5+ 31. Kg3 h5 32. h4 gxh4+ 33. Kxh4 Rg8 34. a5 Rg2 35. axb6 Rxb6 36. Ra1 Rh2+ 37. Kg5 Rxd2 38. Rxa7+ Kc6 39. Rxb6+ Kxb6 40. Rxf7 Rg2+ 41. Kh4 Rh2+ 42. Kg3 Rh1 43. Re7 h4+ 44. Kg2 Ra1 45. f7 h3+ 46. Kg3 Rg1+ 47. Kf4 1-0

[Event "AUT-ch"]
[Site "Vienna"]
[Date "2022.08.15"]
[Round "4"]
[White "Neumeier, Klaus"]
[Black "Shengelia, Davit"]
[Result "0-1"]
[WhiteElo "2257"]
[BlackElo "2462"]
[PlyCount "98"]
[EventDate "2022.08.12"]
[EventType "swiss"]
[EventRounds "9"]
[EventCountry "AUT"]
[SourceTitle "CBM 209 Extra"]
[Source "ChessBase"]
[SourceDate "2022.09.30"]
[SourceVersion "1"]
[SourceVersionDate "2022.09.30"]
[SourceQuality "1"]

1. Nf3 d5 2. g3 Nd7 3. d4 Nb6 4. Bg2 Bf5 5. 0-0 e6 6. b3 Nf6 7. Bb2 h6 8. Nbd2 Be7 9. Ne5 0-0 10. Re1 c6 11. Nd3 Qc7 12. e4 Bh7 13. Qe2 Rfd8 14. Rac1 a5 15. a4 Nxe4 16. Nxe4 dxe4 17. Bxe4 Bxe4 18. Qxe4 Bf6 19. Ne5 Bxe5 20. dxe5 Nd5 21. Ba3 c5 22. Qc4 b6 23. Qe4 Ne7 24. Rcd1 Rxd1 25. Rxd1 Rd8 26. Rxd8+ Qxd8 27. Bb2 Qd1+ 28. Kg2 Nd5 29. c4 Ne7 30. Qa8+ Kh7 31. Qe4+ Ng6 32. Qe3 Qc2 33. Qc3 Qe2 34. Ba1 Qe4+ 35. Qf3 Qb1 36. Qc3 h5 37. h4 Ne7 38. Bb2 Nf5 39. Qd2 Qe4+ 40. Kg1 Qf3 41. Qc2 Kg8 42. Kh2 Nd4 43. Bxd4 cxd4 44. Qd2 d3 45. c5 bxc5 46. Qxa5 Qxf2+ 47. Kh3 Qf1+ 48. Kh2 Qe2+ 49. Kh3 d2 0-1

[Event "AUT-ch"]
[Site "Vienna"]
[Date "2022.08.14"]
[Round "3"]
[White "Shengelia, Davit"]
[Black "Trkulja, Zoran"]
[Result "1-0"]
[WhiteElo "2462"]
[BlackElo "2111"]
[PlyCount "91"]
[EventDate "2022.08.12"]
[EventType "swiss"]
[EventRounds "9"]
[EventCountry "AUT"]
[SourceTitle "CBM 209 Extra"]
[Source "ChessBase"]
[SourceDate "2022.09.30"]
[SourceVersion "1"]
[SourceVersionDate "2022.09.30"]
[SourceQuality "1"]

1. d4 Nf6 2. c4 e6 3. Nc3 Bb4 4. e3 0-0 5. Nf3 d6 6. Bd3 Nc6 7. Bd2 e5 8. d5 Ne7 9. Qc2 Ng6 10. h4 Nh5 11. Ng5 f5 12. g4 e4 13. Bxe4 fxe4 14. gxh5 Nxh4 15. Ncxe4 Bxd2+ 16. Qxd2 h6 17. Rxh4 hxg5 18. Rh2 Bf5 19. Qd4 Bxe4 20. Qxe4 Qf6 21. 0-0-0 Rae8 22. Qg4 Re5 23. Rg2 Rfe8 24. Rd4 Rf5 25. Rd2 Rfe5 26. a3 a6 27. Qd1 b5 28. cxb5 axb5 29. Qb3 Rb8 30. Rg4 Rf5 31. Kb1 Rxf2 32. Rxf2 Qxf2 33. Rxg5 Re8 34. h6 Rxe3 35. Rxg7+ Kf8 36. Qxb5 Qf5+ 37. Ka2 Re1 38. Qb8+ Re8 39. Rg8+ Kxg8 40. Qxe8+ Kh7 41. Qe7+ Kxh6 42. Qe6+ Qxe6 43. dxe6 Kg6 44. a4 Kf6 45. a5 Kxe6 46. a6 1-0

[Event "Olympiad-44"]
[Site "Chennai"]
[Date "2022.08.06"]
[Round "8.3"]
[White "O'Gorman, Tom"]
[Black "Shengelia, Davit"]
[Result "1-0"]
[WhiteElo "2401"]
[BlackElo "2462"]
[PlyCount "59"]
[EventDate "2022.07.29"]
[EventType "team-swiss"]
[EventRounds "11"]
[EventCountry "IND"]
[SourceTitle "CBM 210"]
[Source "ChessBase"]
[SourceDate "2022.10.31"]
[SourceVersion "1"]
[SourceVersionDate "2022.10.31"]
[SourceQuality "1"]
[WhiteTeam "Ireland"]
[BlackTeam "Austria"]
[WhiteTeamCountry "IRL"]
[BlackTeamCountry "AUT"]

1. d4 Nf6 2. c4 e6 3. Nc3 Bb4 4. f3 d5 5. a3 Be7 6. e4 dxc4 7. Be3 a6 8. Bxc4 b5 9. Ba2 Bb7 10. Nge2 Nbd7 11. e5 Nd5 12. Nxd5 Bxd5 13. Bxd5 exd5 14. 0-0 Nb6 15. f4 f5 16. g4 fxg4 17. f5 Bg5 18. Nf4 h5 19. Qe2 Bxf4 20. Bxf4 0-0 21. Qd3 Qd7 22. Bg3 Rac8 23. Rae1 c5 24. dxc5 Rxc5 25. e6 Qe7 26. f6 gxf6 27. Bd6 Qxd6 28. Qg6+ Kh8 29. e7 Rcc8 30. Rf5 1-0